000 00300nam a22001337a 4500
008 170808b xxu||||| |||| 00| 0 eng d
020 _a9780201688627
041 _aeng
080 _22ND
_a004
100 _a35
101 _aSHK
245 _aHTML FOR THE WORLD WIDE WEB
_cCASTRO,E
942 _2udc
_cBK
999 _c22899
_d22899